[Event "22ème Open de Saint-Affrique"]
[Site "Saint Affrique (12)"]
[Date "2014.07.26"]
[Round "9.19"]
[White "Vidal, Frederic"]
[Black "Noireaut, Hung"]
[Result "1/2-1/2"]
[WhiteElo "1749"]
[BlackElo "2007"]
[PlyCount "35"]
[EventDate "2014.??.??"]
[Source "Sylvain Rivier"]
[SourceDate "2014.07.26"]

1. f4 d5 2. Nf3 Nf6 3. c3 Bf5 4. d3 e6 5. Be3 c5 6. Bf2 Nc6 7. e3 Be7 8. g3 Ng4
9. h3 Nxf2 10. Kxf2 f6 11. Nh4 Bg6 12. Nxg6 hxg6 13. d4 f5 14. Nd2 g5 15. Bb5
gxf4 16. exf4 Qd6 17. Nf3 O-O-O 18. Rc1 1/2-1/2

[Event "22ème Open de Saint-Affrique"]
[Site "Saint Affrique (12)"]
[Date "2014.07.26"]
[Round "9.20"]
[White "Hernandez, Lara"]
[Black "Lopez, Andre"]
[Result "1/2-1/2"]
[WhiteElo "1732"]
[BlackElo "2003"]
[PlyCount "93"]
[EventDate "2014.??.??"]
[Source "Sylvain Rivier"]
[SourceDate "2014.07.26"]

1. d4 d5 2. c4 e6 3. Nf3 Be7 4. cxd5 exd5 5. Nc3 Nf6 6. Bg5 c6 7. e3 Bg4 8. Qb3
Bxf3 9. gxf3 Nbd7 10. Qxb7 Rb8 11. Qxc6 O-O 12. Bh3 Rxb2 13. O-O Nb6 14. Na4
Rb4 15. Nxb6 Rxb6 16. Qc2 Nh5 17. Bxe7 Qxe7 18. Qf5 Qh4 19. Kh1 Rh6 20. Qg4 Qe7
21. Rg1 g6 22. Qg5 Qxg5 23. Rxg5 Nf6 24. Kg2 Rb8 25. Rc1 Rb2 26. Rc8+ Kg7 27.
Rc7 Rxh3 28. Kxh3 Rxf2 29. Rxa7 Rxf3+ 30. Kg2 Rxe3 31. Re5 Rd3 32. Ree7 Rd2+
33. Kf3 g5 34. Rxf7+ Kg6 35. Rg7+ Kf5 36. Rgf7 Rxd4 37. a4 Kg6 38. Rg7+ Kf5 39.
Rgf7 Kg6 40. Rg7+ Kf5 41. a5 Rf4+ 42. Ke2 Rh4 43. Rgf7 Rxh2+ 44. Kf1 Kg6 45.
Rg7+ Kf5 46. Rgf7 Kg6 47. Rg7+ 1/2-1/2

[Event "22ème Open de Saint-Affrique"]
[Site "Saint Affrique (12)"]
[Date "2014.07.26"]
[Round "9.21"]
[White "Husson, Cybele"]
[Black "Flaujac, Benoit"]
[Result "1-0"]
[WhiteElo "1919"]
[BlackElo "1702"]
[PlyCount "61"]
[EventDate "2014.??.??"]
[Source "Sylvain Rivier"]
[SourceDate "2014.07.26"]

1. e4 e5 2. Nf3 Nc6 3. Nc3 Bc5 4. Nd5 d6 5. c3 a6 6. d4 exd4 7. Nxd4 Nxd4 8.
cxd4 Ba7 9. Bc4 Be6 10. O-O Qd7 11. Re1 O-O-O 12. Bg5 Re8 13. Rc1 Bxd5 14. Bxd5
f6 15. Qb3 Qb5 16. Qc3 Qb6 17. Be3 Kb8 18. a4 c6 19. Bf7 Re7 20. d5 Qc7 21.
Bxa7+ Kxa7 22. Bh5 c5 23. b4 b6 24. a5 Re5 25. Bf3 Ne7 26. axb6+ Kxb6 27. bxc5+
Qxc5 28. Rb1+ Ka7 29. Qb2 Qc7 30. Rec1 Qd7 31. Qb6+ 1-0

[Event "22ème Open de Saint-Affrique"]
[Site "Saint Affrique (12)"]
[Date "2014.07.26"]
[Round "9.22"]
[White "Zachary, Matheo"]
[Black "Baudewyn, Ludovic"]
[Result "1/2-1/2"]
[WhiteElo "1701"]
[BlackElo "1843"]
[PlyCount "87"]
[EventDate "2014.??.??"]
[Source "Sylvain Rivier"]
[SourceDate "2014.07.26"]

1. e4 e6 2. d4 d5 3. Nd2 Nf6 4. e5 Nfd7 5. Bd3 c5 6. c3 b6 7. Ne2 Ba6 8. Bxa6
Nxa6 9. O-O Nc7 10. f4 f5 11. exf6 Nxf6 12. Nf3 Bd6 13. Ne5 O-O 14. Ng3 cxd4
15. cxd4 b5 16. Be3 Qe8 17. Rc1 Nd7 18. Qc2 Nb6 19. b3 Rc8 20. Qc6 Ba3 21. Qxe8
Nxe8 22. Rxc8 Nxc8 23. Rf2 Nf6 24. Rc2 Bd6 25. Rc6 Rd8 26. h3 g6 27. Kf1 Ne8
28. Bd2 Nb6 29. Ba5 Rc8 30. Bxb6 Rxc6 31. Nxc6 axb6 32. Ne5 Nf6 33. Ke2 Kg7 34.
Ke3 Kf8 35. Kd3 Ke7 36. Ne2 Ne4 37. Nc3 Nxc3 38. Kxc3 Ba3 39. Nd3 Bd6 40. Ne5
b4+ 41. Kd3 b5 42. Ke3 Kf6 43. g4 Kg7 44. g5 1/2-1/2

[Event "22ème Open de Saint-Affrique"]
[Site "Saint Affrique (12)"]
[Date "2014.07.26"]
[Round "9.23"]
[White "Van Lerberghe, Luc"]
[Black "Joyeux, Gerard"]
[Result "1/2-1/2"]
[WhiteElo "1830"]
[BlackElo "1692"]
[PlyCount "80"]
[EventDate "2014.??.??"]
[Source "Sylvain Rivier"]
[SourceDate "2014.07.26"]

1. e4 c5 2. Nf3 a6 3. c3 d6 4. d4 cxd4 5. cxd4 Bg4 6. Qb3 Bxf3 7. Qxf3 Nc6 8.
Bc4 e6 9. Be3 b5 10. Be2 Rc8 11. O-O Be7 12. a4 Rb8 13. axb5 axb5 14. Rc1 Qd7
15. d5 exd5 16. exd5 Ne5 17. Qg3 Bf6 18. Ra7 Qd8 19. Rcc7 Ne7 20. f4 Nxd5 21.
fxe5 Bxe5 22. Qf3 Nxc7 23. Qc6+ Qd7 24. Rxc7 Qxc6 25. Rxc6 Kd7 26. Bf3 Bxb2 27.
Ra6 Be5 28. Nd2 f5 29. Nb3 Rhc8 30. Nd4 Bxd4 31. Bxd4 g6 32. Bd5 b4 33. Ra7+
Rc7 34. Be6+ Kc6 35. Ra6+ Kb5 36. Rxd6 Re7 37. Bb3 Rbb7 38. Rd5+ Kc6 39. Rc5+
Kd7 40. Rd5+ Kc6 1/2-1/2

[Event "22ème Open de Saint-Affrique"]
[Site "Saint Affrique (12)"]
[Date "2014.07.26"]
[Round "9.24"]
[White "Grimault, Nathan"]
[Black "Jackson, Daniel"]
[Result "1-0"]
[WhiteElo "1820"]
[BlackElo "1657"]
[PlyCount "45"]
[EventDate "2014.??.??"]
[Source "Sylvain Rivier"]
[SourceDate "2014.07.26"]

1. d4 Nf6 2. Nf3 e6 3. g3 c5 4. Bg2 d5 5. O-O Bd7 6. c4 Bc6 7. Ne5 Nbd7 8. Bg5
Be7 9. Nxd7 Qxd7 10. dxc5 h6 11. Bxf6 Bxf6 12. cxd5 Bxd5 13. Bxd5 Qxd5 14. Qa4+
Qc6 15. Qxc6+ bxc6 16. Nd2 Rb8 17. Rab1 Rxb2 18. Rxb2 Bxb2 19. Rb1 Be5 20. Nc4
Bc7 21. Rb7 Kd7 22. Rxa7 f6 23. Nb6+ 1-0

[Event "22ème Open de Saint-Affrique"]
[Site "Saint Affrique (12)"]
[Date "2014.07.26"]
[Round "9.25"]
[White "Clair, Michael"]
[Black "Prieu, Arnaud"]
[Result "1/2-1/2"]
[WhiteElo "1806"]
[BlackElo "1572"]
[PlyCount "70"]
[EventDate "2014.??.??"]
[Source "Sylvain Rivier"]
[SourceDate "2014.07.26"]

1. e4 e5 2. Nf3 Nc6 3. Be2 Bc5 4. Nxe5 Qh4 5. Nd3 Bb6 6. O-O Qxe4 7. Re1 Qh4 8.
Bf1+ Nge7 9. g3 Qd4 10. a4 d6 11. c3 Qf6 12. Qe2 g5 13. Bg2 h5 14. Bxc6+ bxc6
15. a5 Bg4 16. Qxe7+ Qxe7 17. Rxe7+ Kxe7 18. axb6 axb6 19. Na3 h4 20. Nc2 Rag8
21. Ne3 Be2 22. Nb4 hxg3 23. Nf5+ Kd7 24. fxg3 Rh5 25. d3 Rgh8 26. h4 gxh4 27.
Nxh4 c5 28. Kf2 Re8 29. Be3 cxb4 30. Kxe2 Rhe5 31. Ng2 bxc3 32. bxc3 Rb5 33.
Kf3 Rb3 34. Rc1 b5 35. Nf4 Kc6 1/2-1/2

[Event "22ème Open de Saint-Affrique"]
[Site "Saint Affrique (12)"]
[Date "2014.07.26"]
[Round "9.26"]
[White "Guerzeder, Thomas"]
[Black "Bouchet, Jean-Louis"]
[Result "1/2-1/2"]
[WhiteElo "1652"]
[BlackElo "1795"]
[PlyCount "55"]
[EventDate "2014.??.??"]
[Source "Sylvain Rivier"]
[SourceDate "2014.07.26"]

1. d4 d5 2. Nf3 Nf6 3. c4 e6 4. Nc3 c5 5. Bg5 cxd4 6. Nxd4 Be7 7. cxd5 Nxd5 8.
Bxe7 Nxe7 9. Ndb5 Nd5 10. Nxd5 exd5 11. Qxd5 Qa5+ 12. Nc3 Qb4 13. Qb5+ Nc6 14.
Qxb4 Nxb4 15. O-O-O O-O 16. e4 Be6 17. a3 Na2+ 18. Nxa2 Bxa2 19. b4 Bb3 20. Rd7
Rfc8+ 21. Kb2 Ba4 22. Rxb7 Rc2+ 23. Kb1 Rxf2 24. Bc4 Bc2+ 25. Ka1 Bxe4 26. Re7
Bxg2 27. Rd1 Rf4 28. Bd5 1/2-1/2

[Event "22ème Open de Saint-Affrique"]
[Site "Saint Affrique (12)"]
[Date "2014.07.26"]
[Round "9.27"]
[White "Viguie, Serge"]
[Black "Raynal, Adrien"]
[Result "0-1"]
[WhiteElo "1783"]
[BlackElo "1591"]
[PlyCount "64"]
[EventDate "2014.??.??"]
[Source "Sylvain Rivier"]
[SourceDate "2014.07.26"]

1. e4 d5 2. exd5 Nf6 3. d4 Nxd5 4. c4 Nf6 5. Nf3 Bg4 6. Be2 e6 7. Nc3 Bb4 8.
Qb3 Bxc3+ 9. bxc3 b6 10. Ba3 Nbd7 11. h3 Bf5 12. Rd1 Qc8 13. d5 exd5 14. cxd5
Ne4 15. Nd4 Nec5 16. Qc4 Ne5 17. Qb5+ Bd7 18. Nc6 Bxc6 19. dxc6 a6 20. Qb1 Qe6
21. Bxc5 bxc5 22. O-O O-O 23. f4 Nxc6 24. Bf3 Rab8 25. Qc2 Rb6 26. Rfe1 Qc4 27.
Re4 Nd4 28. Qd2 Nxf3+ 29. gxf3 Qb5 30. Qd5 Rd6 31. Qb3 Qxb3 32. axb3 Rxd1+ 0-1

[Event "22ème Open de Saint-Affrique"]
[Site "Saint Affrique (12)"]
[Date "2014.07.26"]
[Round "9.29"]
[White "Soissong, Elzbieta"]
[Black "Coquelle, Arnaud"]
[Result "0-1"]
[WhiteElo "1620"]
[BlackElo "1760"]
[PlyCount "80"]
[EventDate "2014.??.??"]
[Source "Sylvain Rivier"]
[SourceDate "2014.07.26"]

1. d4 c6 2. Nf3 d5 3. e3 Bf5 4. Nbd2 Nf6 5. c4 e6 6. Qb3 Qc7 7. Be2 Nbd7 8. O-O
Be7 9. Re1 O-O 10. Nf1 Ne4 11. Ng3 Nxg3 12. hxg3 Qb6 13. Bd2 Qxb3 14. axb3 h6
15. Ra2 Nf6 16. Rea1 a6 17. b4 dxc4 18. Bxc4 Rad8 19. b5 cxb5 20. Ba5 bxc4 21.
Bxd8 Rxd8 22. Ne5 Bc2 23. Rc1 Bb3 24. Raa1 Rc8 25. f3 Bb4 26. e4 Bd2 27. Rf1
Be3+ 28. Kh2 Bxd4 29. Ng4 Nxg4+ 30. fxg4 Bxb2 31. Ra5 c3 32. g5 hxg5 33. Rxg5
c2 34. Rf4 Bc1 35. Rxg7+ Kxg7 36. Rg4+ Kf6 37. Rh4 Be3 38. g4 c1=Q 39. Rh5 Bf4+
40. g3 Rc2+ 0-1

[Event "22ème Open de Saint-Affrique"]
[Site "Saint Affrique (12)"]
[Date "2014.07.26"]
[Round "9.30"]
[White "Clement, Olivier"]
[Black "Boulier, Rene"]
[Result "1-0"]
[WhiteElo "2051"]
[BlackElo "1651"]
[PlyCount "52"]
[EventDate "2014.??.??"]
[Source "Sylvain Rivier"]
[SourceDate "2014.07.26"]

1. d4 Nf6 2. c4 c5 3. d5 b5 4. cxb5 a6 5. b6 Qxb6 6. Nc3 Bb7 7. a4 g6 8. a5 Qc7
9. e4 d6 10. Bc4 Nbd7 11. f4 Bg7 12. Nf3 O-O 13. O-O Rad8 14. Qd3 Ra8 15. h3
Rfb8 16. Be3 Bc8 17. Ra2 Rb4 18. Bd2 Ne8 19. Re1 Qd8 20. e5 Rab8 21. Nd1 R4b7
22. Bc3 Nc7 23. Ng5 Nf8 24. Ne3 Nb5 25. exd6 Nxc3 26. dxe7 Qc7 {suite illisible
} 1-0

[Event "22ème Open de Saint-Affrique"]
[Site "Saint Affrique (12)"]
[Date "2014.07.26"]
[Round "9.31"]
[White "Blanchon, Pascal"]
[Black "Raynal, Francois"]
[Result "1/2-1/2"]
[WhiteElo "1637"]
[BlackElo "2008"]
[PlyCount "82"]
[EventDate "2014.??.??"]
[Source "Sylvain Rivier"]
[SourceDate "2014.07.26"]

1. e4 g6 2. d4 Bg7 3. f4 d6 4. Nf3 Nf6 5. Nc3 O-O 6. Be3 Ng4 7. Bg1 c5 8. h3
cxd4 9. Bxd4 Nf6 10. Qd2 Nc6 11. Bf2 Qa5 12. Bd3 Nb4 13. O-O Nxd3 14. cxd3 Bd7
15. Rac1 Rfc8 16. Rc2 e6 17. Rfc1 b5 18. a3 Qd8 19. Bh4 Qb6+ 20. Bf2 Qb7 21.
Bd4 b4 22. axb4 Qxb4 23. Ne2 Qb7 24. Rxc8+ Rxc8 25. Rxc8+ Bxc8 26. Qc3 Ne8 27.
Kf2 Bxd4+ 28. Qxd4 Qb6 29. Ke3 Kf8 30. Qxb6 axb6 31. Nc3 Ba6 32. Nd4 Nc7 33. h4
Ke8 34. g4 h6 35. g5 hxg5 36. hxg5 Kd7 37. Kd2 e5 38. fxe5 dxe5 39. Nf3 Kd6 40.
Ke3 Ne6 41. Nd5 b5 1/2-1/2

[Event "22ème Open de Saint-Affrique"]
[Site "Saint Affrique (12)"]
[Date "2014.07.26"]
[Round "9.32"]
[White "Bernard, Anthony"]
[Black "Aubry, Fabien"]
[Result "0-1"]
[WhiteElo "1636"]
[BlackElo "1884"]
[PlyCount "114"]
[EventDate "2014.??.??"]
[Source "Sylvain Rivier"]
[SourceDate "2014.07.26"]

1. e4 Nf6 2. Nc3 e5 3. Nf3 Nc6 4. d4 exd4 5. Nxd4 Bb4 6. Nxc6 bxc6 7. Qd4 Qe7
8. Bd3 d5 9. O-O c5 10. Bb5+ Kf8 11. Qd1 Bxc3 12. bxc3 dxe4 13. Re1 Be6 14. Ba3
g6 15. Bc6 Rd8 16. Bxc5 Qxc5 17. Qxd8+ Kg7 18. Qd4 Qxc6 19. a4 a6 20. Re3 Rb8
21. f3 exf3 22. Rxf3 Qb6 23. Raf1 Qxd4+ 24. cxd4 Ne8 25. c3 Nd6 26. Rc1 Rb2 27.
Rf2 Rxf2 28. Kxf2 Kf6 29. Ke3 Nc4+ 30. Ke4 c6 31. g3 Ke7 32. h4 h5 33. Kf4 a5
34. Rb1 Kd6 35. Rb7 Bd5 36. Kg5 Ke6 37. Rb8 Ke7 38. Rb7+ Ke6 39. Rb8 Nd6 40.
Ra8 Nc4 41. Rb8 Kd7 42. Kf6 Kc7 43. Rf8 Nb6 44. Rxf7+ Bxf7 45. Kxf7 Nxa4 46.
Kxg6 Nxc3 47. Kxh5 a4 48. Kg6 a3 49. h5 a2 50. h6 a1=Q 51. h7 Qb1+ 52. Kg7
Qxh7+ 53. Kxh7 Ne2 54. g4 Nxd4 55. Kg6 Kd6 56. Kf6 Ne6 57. Kf5 Kd5 0-1

[Event "22ème Open de Saint-Affrique"]
[Site "Saint Affrique (12)"]
[Date "2014.07.26"]
[Round "9.33"]
[White "Claisse, Patrick"]
[Black "Esclafit, Pierre"]
[Result "1-0"]
[WhiteElo "1788"]
[BlackElo "1629"]
[PlyCount "105"]
[EventDate "2014.??.??"]
[Source "Sylvain Rivier"]
[SourceDate "2014.07.26"]

1. e4 e6 2. d4 d5 3. Nd2 Nf6 4. Bd3 c5 5. e5 Nfd7 6. c3 Nc6 7. Ne2 Qb6 8. Nf3
f6 9. exf6 Nxf6 10. O-O Bd6 11. b3 Bd7 12. Bf4 Qc7 13. Bxd6 Qxd6 14. Re1 O-O
15. Ng3 Rae8 16. Ne5 cxd4 17. cxd4 Qb4 18. Nh5 Nxe5 19. dxe5 Nxh5 20. Qxh5 g6
21. Bxg6 Re7 22. Bd3 Qd4 23. Qe2 Ref7 24. Rad1 Qxf2+ 25. Qxf2 Rxf2 26. Rf1 Rxa2
27. Bxh7+ Kg7 28. Rxf8 Kxf8 29. Re1 Rb2 30. Re3 Kg7 31. Rh3 Re2 32. Bd3 Rd2 33.
Rh7+ Kf8 34. Rxd7 Rxd3 35. Rxb7 Re3 36. Kf2 Rxe5 37. g4 a5 38. h4 d4 39. Rd7
Re4 40. Kf3 Re3+ 41. Kf4 Rxb3 42. h5 e5+ 43. Kxe5 Rb5+ 44. Kf6 Rb6+ 45. Kg5 Rb8
46. Rxd4 Ra8 47. Ra4 Kg7 48. h6+ Kh7 49. Kh5 Ra7 50. g5 Ra6 51. Rc4 a4 52. g6+
Rxg6 53. Rc7+ 1-0

[Event "22ème Open de Saint-Affrique"]
[Site "Saint Affrique (12)"]
[Date "2014.07.26"]
[Round "9.34"]
[White "Marie, Olivier"]
[Black "Costa, Anthony"]
[Result "0-1"]
[WhiteElo "1633"]
[BlackElo "1764"]
[PlyCount "68"]
[EventDate "2014.??.??"]
[Source "Sylvain Rivier"]
[SourceDate "2014.07.26"]

1. e4 c5 2. b3 Nc6 3. Na3 d6 4. Bb2 e6 5. c3 Nf6 6. f3 g6 7. Nh3 Bg7 8. Nf2 O-O
9. g3 d5 10. Nc2 dxe4 11. fxe4 b6 12. Qe2 Bb7 13. Bg2 Qc7 14. O-O Rfd8 15. Rac1
Rd7 16. Ne3 Rad8 17. d4 Ne7 18. Neg4 Ne8 19. a4 h5 20. Ne3 Qb8 21. g4 hxg4 22.
Nfxg4 cxd4 23. Qf3 Nf5 24. Nc4 dxc3 25. Bxc3 Rd3 26. Bxg7 Rxf3 27. Be5 Rxf1+
28. Rxf1 Qa8 29. Rf3 Bxe4 30. Rh3 Nfg7 31. Bf1 Rd1 32. Nce3 Rb1 33. Nf6+ Nxf6
34. Bxf6 Bd3 0-1

[Event "22ème Open de Saint-Affrique"]
[Site "Saint Affrique (12)"]
[Date "2014.07.26"]
[Round "9.35"]
[White "Lecoultre, Patrick"]
[Black "Pottier, Simeon"]
[Result "0-1"]
[WhiteElo "1702"]
[BlackElo "1619"]
[PlyCount "40"]
[EventDate "2014.??.??"]
[Source "Sylvain Rivier"]
[SourceDate "2014.07.26"]

1. d4 Nf6 2. Nf3 g6 3. Nc3 Bg7 4. Bf4 d6 5. e4 O-O 6. Be2 c6 7. h4 b5 8. a3 Bg4
9. Qd2 Re8 10. Bh6 Bh8 11. O-O-O a5 12. e5 b4 13. exf6 bxc3 14. Qxc3 exf6 15.
Rhe1 Qb6 16. Be3 Nd7 17. d5 c5 18. Qc4 Rab8 19. b3 Bxf3 20. Bxf3 a4 {suite
illisible} 0-1

[Event "22ème Open de Saint-Affrique"]
[Site "Saint Affrique (12)"]
[Date "2014.07.26"]
[Round "9.37"]
[White "Noireaut, Hoan"]
[Black "Grosse, Tomas"]
[Result "0-1"]
[WhiteElo "1674"]
[BlackElo "1627"]
[PlyCount "52"]
[EventDate "2014.??.??"]
[Source "Sylvain Rivier"]
[SourceDate "2014.07.26"]

1. e4 c5 2. d3 d6 3. g3 g6 4. Bg2 Bg7 5. Nc3 Nc6 6. Be3 e6 7. Qd2 Qb6 8. Rb1
Nd4 9. f4 Ne7 10. Nf3 Nec6 11. O-O O-O 12. Ne2 Nxe2+ 13. Qxe2 Nd4 14. Qd2 Bd7
15. Nh4 Qa6 16. c3 Nc6 17. f5 Ne5 18. Bh6 Qxd3 19. Qf4 Bxh6 20. Qxh6 Ng4 21.
Qf4 Qe3+ 22. Qxe3 Nxe3 23. Rf2 Nxg2 24. Rxg2 exf5 25. exf5 g5 26. Nf3 Bxf5 0-1

[Event "22ème Open de Saint-Affrique"]
[Site "Saint Affrique (12)"]
[Date "2014.07.26"]
[Round "9.38"]
[White "Denechaud, Bernard"]
[Black "Nguyen, Gael"]
[Result "1-0"]
[WhiteElo "1596"]
[BlackElo "1670"]
[PlyCount "127"]
[EventDate "2014.??.??"]
[Source "Sylvain Rivier"]
[SourceDate "2014.07.26"]

1. Nf3 Nf6 2. g3 c5 3. Bg2 g6 4. c4 Bg7 5. Nc3 Nc6 6. O-O d6 7. a3 Bd7 8. Rb1
Nd4 9. e3 Nxf3+ 10. Qxf3 Bc6 11. e4 Nd7 12. Qe2 O-O 13. d3 e6 14. Bd2 Re8 15.
Qd1 Rc8 16. Ne2 Nf8 17. Bc3 d5 18. Bxg7 Kxg7 19. Qc2 dxe4 20. dxe4 Qc7 21. Nc3
Nd7 22. Rfd1 a6 23. b4 b5 24. cxb5 axb5 25. bxc5 Nxc5 26. Nxb5 Qe7 27. Nd6 Ba4
28. Qc3+ Kg8 29. Nxc8 Rxc8 30. Rdc1 Bd7 31. Qe3 Na6 32. Rxc8+ Bxc8 33. e5 Qc7
34. Rc1 Qb8 35. Qc3 Bd7 36. Bc6 Bxc6 37. Qxc6 Qb2 38. Qc3 Qb5 39. Ra1 Nb8 40.
a4 Qb7 41. a5 Na6 42. Qd4 Qc6 43. h4 Qb5 44. Qc3 Kg7 45. Kh2 h5 46. Ra2 Qd5 47.
Rd2 Qe4 48. Ra2 Qd5 49. Qb2 Nb4 50. Ra4 Nd3 51. Qd2 Qb5 52. Ra2 Qa6 53. Qe2 Nb4
54. Qxa6 Nxa6 55. Kg2 Kf8 56. Kf3 Ke7 57. Ke4 Kd7 58. f4 Kc6 59. Kf3 Kd5 60. g4
hxg4+ 61. Kxg4 Ke4 62. Ra4+ Kd5 63. Kg5 Kc6 64. Kf6 1-0

[Event "22ème Open de Saint-Affrique"]
[Site "Saint Affrique (12)"]
[Date "2014.07.26"]
[Round "9.39"]
[White "Robic, Damien"]
[Black "Jackson, Edgar"]
[Result "1/2-1/2"]
[WhiteElo "1663"]
[BlackElo "1602"]
[PlyCount "44"]
[EventDate "2014.??.??"]
[Source "Sylvain Rivier"]
[SourceDate "2014.07.26"]

1. e4 c5 2. c3 d5 3. exd5 Qxd5 4. d4 cxd4 5. Qxd4 Qxd4 6. cxd4 e6 7. Nf3 Nc6 8.
Bb5 Bd7 9. O-O a6 10. Bc4 Bd6 11. d5 exd5 12. Bxd5 Nge7 13. Rd1 Nxd5 14. Rxd5
Bc7 15. Be3 O-O-O 16. Nc3 Bg4 17. Ng5 f6 18. f3 fxg5 19. fxg4 Bf4 20. Bxf4 gxf4
21. Rad1 h6 22. Kf2 Rhe8 1/2-1/2

[Event "22ème Open de Saint-Affrique"]
[Site "Saint Affrique (12)"]
[Date "2014.07.26"]
[Round "9.40"]
[White "Sempe, Pierre"]
[Black "Petit, Jimmy"]
[Result "1-0"]
[WhiteElo "1659"]
[BlackElo "1459"]
[PlyCount "71"]
[EventDate "2014.??.??"]
[Source "Sylvain Rivier"]
[SourceDate "2014.07.26"]

1. e4 e6 2. d4 d5 3. Nc3 Bb4 4. Nge2 dxe4 5. a3 Bd6 6. Nxe4 b6 7. N2c3 Bb7 8.
Nxd6+ cxd6 9. Qg4 Qf6 10. Be3 Ne7 11. Bd3 h6 12. Nb5 Kd7 13. Qg3 e5 14. O-O-O
Nbc6 15. dxe5 Qxe5 16. Qxe5 Nxe5 17. Be2 d5 18. f3 Rhc8 19. Rhe1 a6 20. Nd4
N5c6 21. g3 Nxd4 22. Bxd4 Kc6 23. Bd3 Ng6 24. Bxg6 fxg6 25. Re6+ Kd7 26. Rxg6
Rg8 27. Bxb6 Rae8 28. Kd2 Re6 29. Rxe6 Kxe6 30. Bc5 d4 31. Ke2 Re8 32. Bxd4
Kf5+ 33. Kf2 g5 34. Bc3 Kg6 35. Rd6+ Kf5 36. g4+ 1-0

[Event "22ème Open de Saint-Affrique"]
[Site "Saint Affrique (12)"]
[Date "2014.07.26"]
[Round "9.41"]
[White "Lalot, Hugues"]
[Black "Criticos, Kris"]
[Result "1/2-1/2"]
[WhiteElo "1573"]
[BlackElo "1656"]
[PlyCount "72"]
[EventDate "2014.??.??"]
[Source "Sylvain Rivier"]
[SourceDate "2014.07.26"]

1. d4 Nf6 2. c4 g6 3. Nc3 Bg7 4. e4 d6 5. f4 O-O 6. Nf3 c5 7. d5 Na6 8. e5 Ne8
9. Bd3 Bg4 10. O-O dxe5 11. fxe5 Bxe5 12. Qe1 Bg7 13. Bg5 Nf6 14. Qh4 Nb4 15.
Bxg6 fxg6 16. Bxf6 exf6 17. Qxg4 f5 18. Qf4 Nd3 19. Qd2 Ne5 20. Rae1 Nxf3+ 21.
Rxf3 Re8 22. Kh1 Qd7 23. Rd3 Rxe1+ 24. Qxe1 Re8 25. Qd1 Qe7 26. h3 Qh4 27. Ne2
Qf2 28. Rd2 Bd4 29. Kh2 Be5+ 30. Kh1 Bd6 31. b3 Bf4 32. Rc2 Qe3 33. Nxf4 Qxf4
34. Re2 Kf7 35. Rxe8 Kxe8 36. Qe2+ Qe4 1/2-1/2

[Event "22ème Open de Saint-Affrique"]
[Site "Saint Affrique (12)"]
[Date "2014.07.26"]
[Round "9.42"]
[White "Soblechero, Hugo"]
[Black "Carno, Matthias"]
[Result "1-0"]
[WhiteElo "1575"]
[BlackElo "1897"]
[PlyCount "37"]
[EventDate "2014.??.??"]
[Source "Sylvain Rivier"]
[SourceDate "2014.07.26"]

1. d4 g6 2. Bf4 Bg7 3. Nf3 d6 4. e3 Nf6 5. Nbd2 O-O 6. Be2 Nbd7 7. c3 Re8 8.
Qc2 c5 9. h4 a6 10. h5 Nxh5 11. Rxh5 gxh5 12. Ng5 h6 13. Qh7+ Kf8 14. Nxf7 Nf6
15. Qg6 Bf5 16. Qxf5 Kxf7 17. Bxh5+ Kg8 18. Bxe8 Qxe8 19. dxc5 1-0

[Event "22ème Open de Saint-Affrique"]
[Site "Saint Affrique (12)"]
[Date "2014.07.26"]
[Round "9.44"]
[White "Dubertrand, Bernard"]
[Black "Degraeve, Thomas"]
[Result "1-0"]
[WhiteElo "1647"]
[BlackElo "1559"]
[PlyCount "71"]
[EventDate "2014.??.??"]
[Source "Sylvain Rivier"]
[SourceDate "2014.07.26"]

1. e4 b6 2. d4 Bb7 3. Nc3 e6 4. Nf3 Bb4 5. Bd3 Nf6 6. Qe2 d5 7. e5 Ne4 8. Bd2
Nxd2 9. Nxd2 Be7 10. O-O O-O 11. f4 g6 12. Nd1 c5 13. c3 h5 14. f5 exf5 15.
Bxf5 Ba6 16. Bd3 Bxd3 17. Qxd3 Nc6 18. Ne3 cxd4 19. cxd4 Kg7 20. a3 f6 21. Nf3
fxe5 22. dxe5 d4 23. Nc4 Qd5 24. Rfe1 Rad8 25. Re4 b5 26. Ncd2 Rf5 27. Rae1 Bc5
28. Nb3 Bb6 29. Kh1 a5 30. e6 a4 31. Nc1 Re8 32. e7 Rf7 33. Re6 Rfxe7 34. Qxg6+
Kf8 35. Rf6+ Rf7 36. Qh6+ 1-0

[Event "22ème Open de Saint-Affrique"]
[Site "Saint Affrique (12)"]
[Date "2014.07.26"]
[Round "9.45"]
[White "Libiszewski, Christian"]
[Black "Degraeve, Remy"]
[Result "0-1"]
[WhiteElo "1640"]
[BlackElo "1537"]
[PlyCount "26"]
[EventDate "2014.??.??"]
[Source "Sylvain Rivier"]
[SourceDate "2014.07.26"]

1. e4 e5 2. Nf3 Nc6 3. Bc4 Bc5 4. O-O d6 5. c3 Nf6 6. d3 h6 7. Bb3 O-O 8. Re1
Nh5 9. Nxe5 Nxe5 10. d4 Qh4 11. dxc5 Ng4 12. h3 Qxf2+ 13. Kh1 Ng3# 0-1

[Event "22ème Open de Saint-Affrique"]
[Site "Saint Affrique (12)"]
[Date "2014.07.26"]
[Round "9.46"]
[White "Gachon, Maxence"]
[Black "Leblic, Pierre"]
[Result "0-1"]
[WhiteElo "1442"]
[BlackElo "1620"]
[PlyCount "162"]
[EventDate "2014.??.??"]
[Source "Sylvain Rivier"]
[SourceDate "2014.07.26"]

1. d4 Nf6 2. c4 g6 3. Nc3 d5 4. cxd5 Nxd5 5. e4 Nxc3 6. bxc3 Bg7 7. Ba3 O-O 8.
Bd3 b6 9. Ne2 Ba6 10. Bxa6 Nxa6 11. Qa4 Qc8 12. Ng3 Re8 13. O-O c5 14. Rac1
cxd4 15. cxd4 Qb7 16. Rfd1 e6 17. f3 Red8 18. e5 Nc7 19. Ne4 Nd5 20. Nd6 Qd7
21. Qxd7 Rxd7 22. Rc8+ Rxc8 23. Nxc8 Rc7 24. Rc1 Rxc1+ 25. Bxc1 Nc3 26. Kf2
Nxa2 27. Bd2 Bf8 28. Nxa7 Nb4 29. Bxb4 Bxb4 30. Nb5 Kf8 31. Ke2 Ke8 32. Kd3 Kd7
33. Kc4 Be7 34. Na7 Kc7 35. Kb5 Ba3 36. Nc6 h5 37. Na7 Be7 38. Nc6 Bg5 39. Nb4
Be3 40. Nc6 Bg1 41. h3 Be3 42. d5 exd5 43. Ne7 d4 44. Nd5+ Kb7 45. Nxb6 d3 46.
Nc4 Bc1 47. Kb4 d2 48. Ne3 Kc7 49. Kb3 Kd7 50. Kc2 Ke6 51. Nc4 Kd5 52. Nxd2
Bxd2 53. Kxd2 Kxe5 54. g3 g5 55. Ke3 f5 56. f4+ gxf4+ 57. gxf4+ Kd5 58. Kf3 Kd4
59. Kf2 h4 60. Kf3 Kd3 61. Kf2 Ke4 62. Ke2 Kxf4 63. Kf2 Ke4 64. Ke2 f4 65. Kf2
f3 66. Kf1 Ke3 67. Ke1 Ke4 68. Kf1 Kf5 69. Kf2 Kf4 70. Kg1 Kg3 71. Kh1 Kxh3 72.
Kg1 Kg3 73. Kf1 f2 74. Ke2 Kg2 75. Ke3 f1=Q 76. Ke4 Qf6 77. Ke3 Qf5 78. Ke2
Qf3+ 79. Kd2 Kf2 80. Kc2 h3 81. Kd2 h2 0-1

[Event "22ème Open de Saint-Affrique"]
[Site "Saint Affrique (12)"]
[Date "2014.07.26"]
[Round "9.47"]
[White "Espiau Dubois, Louis"]
[Black "Meyer, Bernard"]
[Result "0-1"]
[WhiteElo "1577"]
[BlackElo "1397"]
[PlyCount "110"]
[EventDate "2014.??.??"]
[Source "Sylvain Rivier"]
[SourceDate "2014.07.26"]

1. e4 e6 2. d4 d5 3. e5 c5 4. c3 Nc6 5. Nf3 Bd7 6. Be2 Qb6 7. O-O cxd4 8. cxd4
Nge7 9. b3 Nf5 10. Bb2 Be7 11. g4 Nh6 12. h3 f6 13. exf6 gxf6 14. Nc3 O-O-O 15.
Na4 Qc7 16. Kg2 Rdg8 17. Qd2 Rg6 18. Rac1 Rhg8 19. Nh4 Rg5 20. f4 Rh5 21. Nf3
Nf5 22. Ng5 Rgxg5 23. Kh2 Rh6 24. gxf5 Rxf5 25. Bd3 Rfh5 26. Rf3 Bd6 27. Bf1 e5
28. fxe5 fxe5 29. dxe5 Be7 30. Qe3 Be6 31. Nc5 Kb8 32. Nxe6 Rxe6 33. Rg3 Rexe5
34. Bxe5 Rxe5 35. Qf3 Qd6 36. Rg8+ Bd8 37. Kg2 Qe6 38. Rf8 Qg6+ 39. Kf2 a6 40.
Rxc6 Qxc6 41. Rxd8+ Ka7 42. Bd3 Qb6+ 43. Kg2 Qxd8 44. Bxh7 Qg5+ 45. Qg4 Qd2+
46. Kf3 Qe3+ 47. Kg2 Rg5 48. Qxg5 Qxg5+ 49. Kf3 Qh5+ 50. Ke3 Qxh7 51. Kd4 Qe4+
52. Kc3 d4+ 53. Kd2 Qe3+ 54. Kc2 Qc3+ 55. Kb1 d3 0-1